<?xml version="1.0" encoding="UTF-8"?>
<collection xmlns="http://www.loc.gov/MARC21/slim">
 <record>
  <leader>00523pamaa2200145   4500</leader>
  <controlfield tag="001">0000035642</controlfield>
  <controlfield tag="005">20090826090000.0</controlfield>
  <datafield tag="020" ind1="0" ind2="0">
   <subfield code="a">0751710679 (pbk) </subfield>
  </datafield>
  <datafield tag="090" ind1="0" ind2="0">
   <subfield code="a">HD30.28 </subfield>
   <subfield code="b">ACC 2003</subfield>
  </datafield>
  <datafield tag="245" ind1="1" ind2="0">
   <subfield code="a">ACCA new syllabus practice and revision kit : </subfield>
   <subfield code="b">paper 3.5 strategic business planning and development.</subfield>
  </datafield>
  <datafield tag="260" ind1="0" ind2="0">
   <subfield code="a">London: </subfield>
   <subfield code="b">BPP Professional Education, </subfield>
   <subfield code="c">2003.</subfield>
  </datafield>
  <datafield tag="300" ind1=" " ind2=" ">
   <subfield code="a">xxiv,  235p.; </subfield>
   <subfield code="c">29cm.</subfield>
  </datafield>
  <datafield tag="440" ind1="0" ind2="0">
   <subfield code="a">Professional Examinations</subfield>
  </datafield>
  <datafield tag="650" ind1="0" ind2="0">
   <subfield code="a">Management -- </subfield>
   <subfield code="x">Business planning </subfield>
  </datafield>
  <datafield tag="710" ind1="1" ind2="1">
   <subfield code="a">Association of Chartered Certified Accountants </subfield>
  </datafield>
 </record>
</collection>
